Протоколы №№ 1-7 /подлинн./ Пленарного Заседания 2-й Сессии ЦИК СССР 7-го созыва

Доступно только в Электронных читальных залах Найти на картеНа карте
RUSMARC
00004488nmc2a22002893x 450
001c0478f5b-1b3b-4d2f-808f-b9b3fd710584
00520210716205715.0
100##$a20210612l19361936k y0rusy50 ca
1010#$arus
102##$aRU
105##$aa z |||||
1222#$ad19360110
$ad19360117
2001#$aПротоколы №№ 1-7 /подлинн./ Пленарного Заседания 2-й Сессии ЦИК СССР 7-го созыва
$j10.01.1936 - 17.01.1936
215##$a51 лист
$cтабл.
251##$cДело
300##$aЗаголовок дела на папке: Протоколы № 1-7 Пленарного Заседания 2-й Сессии ЦИК Союза ССР 7-го созыва. С 10 по 17 января 1936 г.
300##$aПодлинные
300##$aЧасть текста машинописная и рукописная, часть - напечатана типографским способом
330##$aВходит в раздел описи: VII-й Съезд Советов. 2-я Сессия ЦИК СССР
461#0$1001796d4672-8a00-4986-b488-6e42273792cc
$12001
$aЦЕНТРАЛЬНЫЙ ИСПОЛНИТЕЛЬНЫЙ КОМИТЕТ СССР (ЦИК СССР)
$1251
$cФонд
$1852
$j3316
$gР
462#0$10012246e4af-064a-4b66-b386-cae0ddb7fb2d
$12001
$aДела 7-го Съезда Советов и 1-й, 2-й, 3-й, 4-й Сессий 7-го созыва. 1935-1937 гг.
$vД. 98
$1251
$cОпись
$1852
$j7
5171#$aПротоколы № 1-7 Пленарного Заседания 2-й Сессии ЦИК Союза ССР 7-го созыва. С 10 по 17 января 1936 г.
60101$3RU\NLR\AUTH\880357276
$aСССР
$bЦИК
60102$3RU\NLR\AUTH\880399376
$aСССР
$bЦИК
$bСозыв
$c7
$bСессия
$d2
801#0$aRU
$bGA_RF
801#1$aRU
$bГлавНИВЦ
$c20210612
$2rusmarc
801#2$aRU
$bПБ им. Б.Н. Ельцина
$c20210716
$gRCR
$2rusmarc
852##$aГА РФ
$j98
937##$d166315865
$hГАРФ
035##$aRuPRLIB51060556
856##$uhttp://readingroom.main.prlib.ru/item.aspx?id_node=n166315865&mode=full
Формат отображения